Alternativní školy a inovace ve vzdělávání /

Hlavní autor: Průcha, Jan, 1934-2021
Jazyk: Čeština
Vydáno: Praha : Portál, 2004
Vydání: 2., aktualiz. vyd.
Edice: Pedagogická praxe
Témata:
Externí odkaz: Digitalizovaný dokument
Fyzický popis: 141 s. ; 23 cm
Knihy
Uloženo v:
LEADER 01288nam a2200361 a 4500
001 000746955
003 CZ BrMZK
005 20041130104020.0
007 ta
008 041102s2004 xr erf 001 0 cze d
015 |a cnb001488273 
020 |a 80-7178-977-1  |q (brož.) 
035 |a (OCoLC)63200753 
040 |a BOA001  |b cze 
072 7 |a 371  |x Školství (organizace)  |2 Konspekt  |9 22 
080 |a 37.018.58  |2 MRF 
080 |a 371.39  |2 MRF 
080 |a (035)  |2 MRF 
100 1 |a Průcha, Jan,  |d 1934-2021  |7 jk01101419  |4 aut 
245 1 0 |a Alternativní školy a inovace ve vzdělávání /  |c Jan Průcha 
250 |a 2., aktualiz. vyd. 
260 |a Praha :  |b Portál,  |c 2004 
300 |a 141 s. ;  |c 23 cm 
490 1 |a Pedagogická praxe 
504 |a Obsahuje bibliografii, bibliografické odkazy a rejstříky 
650 0 7 |a alternativní školy  |7 ph114032  |2 czenas 
650 0 7 |a alternativní výuka  |7 ph119868  |2 czenas 
655 7 |a příručky  |7 fd133209  |2 czenas 
830 0 |a Pedagogická praxe  |0 s 
856 4 1 |u http://www.digitalniknihovna.cz/mzk/uuid/uuid:94a0fff0-4d4c-11e4-8113-005056827e52  |y Digitalizovaný dokument  |x NDK 
910 |a BOA001  |b 2-1141.921 
990 |a BK 
996 6 |b 2610231670  |c 2-1141.921  |l MZK  |r Sklad / do 1 hodiny  |n 2  |p p.v.  |w 000746955  |u 000010  |a 1  |e BOA001  |j MZK50  |s P